Дворянство и революция (Запис № 326816)

МАРК-запис
000 -Лідер
fixed length control field 00592nam a22002297a 4500
001 - Контрольний номер
control field 40673
003 - Ідентифікатор контрольного номера
control field UA-OsUOA
005 - Дата та час останнього входження (трансакції)
control field 20211018211421.0
007 - Фіксоване поле фізичного опису
fixed length control field ta
008 - Елементи даних фіксованої довжини – загальна інформація
fixed length control field 20060819b un ||||| |||| 00| 0 ukr d
040 ## - Джерело каталогізації
Агенція оригінальної каталогізації UA-OsUOA
Мова каталогізації rus
Агенція, яка здійснювала перезапис UA-OsUOA
Агенція, яка здійснювала модифікацію UA-OsUOA
041 ## - Код мови
Код мови тексту/ звукової доріжки чи окремого заголовка (П) rus
080 ## - Індекс Універсальної десяткової класифікації
Індекс Універсальної десяткової класифікації (УДК) (НП) 94(470+571)
090 ## - Локальний шифр розміщення
Класифікаційний індекс УДК 94(470+571)
Авторський знак (НП) Д43
100 ## - Основне введення – ім’я особи
Ім’я особи (НП) Дземешкевич П. Ф.
245 ## - Відомості про назву
Назва (НП) Дворянство и революция
260 ## - Публікація, розповсюдження і т.п. (Вихідні дані)
Місце публікації, розповсюдження і т.п. (П) Севастополь
Ім’я/ наймення видавництва, розповсюджувача і т.п. (П) СНИЯиП
Дата публікації, розповсюдження і т.п. (П) 2004
300 ## - Фізичний опис
Обсяг 188 с.
650 #7 - Додаткове предметне введення – тематичний термін
Тематичний термін чи географічна назва, як елемент введення (НП) 94 Історія
Джерело заголовка чи терміна UDC
942 ## - Додаткові елементи входу (Коха)
Тип елемента Koha Книги
Source of classification or shelving scheme Universal Decimal Classification
955 ## - Код типу видання за змістом
Код типу видання за змістом (НП) Навчальні видання
Фонди
Стан вилучень Стан втрат Джерело класифікації або схеми стелажів Стан уражень Не для кредиту Постійне місце розташування Поточне розміщення Дата придбання Джерело придбання Вартість, звичайна ціна покупки Інвентарний номер Усього замовленно Повний номер виклику Штрих-код Дата останнього перегляду Ціна ефективна від Тип елемента Koha
    Universal Decimal Classification     ЧЗ - Читальна зала ЧЗ - Читальна зала 19/08/2006 85/2006 3.00 98240   94(470+571) Д43 98240 09/02/2022 19/08/2006 Книги